| 000 | 01328nam a2200325Ia 4500 | ||
|---|---|---|---|
| 001 | ebr10419275 | ||
| 003 | CaPaEBR | ||
| 006 | m u | ||
| 007 | cr cn||||||||| | ||
| 008 | 100430s2010 nju sb 001 0 eng d | ||
| 010 | _z 2010018595 | ||
| 020 | _z9780470587522 (hardback) | ||
| 040 |
_aCaPaEBR _cCaPaEBR |
||
| 035 | _a(OCoLC)670429029 | ||
| 050 | 1 | 4 |
_aTJ163.5.O35 _bS64 2010eb |
| 082 | 0 | 4 |
_a658.4/083 _222 |
| 100 | 1 | _aSpeshock, Carl H. | |
| 245 | 1 | 0 |
_aEmpowering green initiatives with IT _h[electronic resource] : _ba strategy and implementation guide / _cCarl Speshock. |
| 260 |
_aHoboken, NJ : _bWiley, _cc2010. |
||
| 300 | _axvii, 235 p. | ||
| 504 | _aIncludes bibliographical references and index. | ||
| 533 |
_aElectronic reproduction. _bPalo Alto, Calif. : _cebrary, _d2010. _nAvailable via World Wide Web. _nAccess may be limited to ebrary affiliated libraries. |
||
| 650 | 0 |
_aData processing service centers _xEnergy conservation. |
|
| 650 | 0 |
_aInformation technology _xEnvironmental aspects. |
|
| 650 | 0 |
_aGreen technology _xData processing. |
|
| 650 | 0 | _aSocial responsibility of business. | |
| 655 | 7 |
_aElectronic books. _2local |
|
| 710 | 2 | _aebrary, Inc. | |
| 856 | 4 | 0 |
_uhttp://site.ebrary.com/lib/rucke/Doc?id=10419275 _zAn electronic book accessible through the World Wide Web; click to view |
| 999 |
_c83861 _d83861 |
||